[Event "CZE-chT2F 2122"]
[Site "Czech Republic"]
[Date "2021.11.07"]
[Round "2.5"]
[White "Kana, Pavel"]
[Black "Hajek, Zdenek"]
[Result "1-0"]
[WhiteElo "2015"]
[BlackElo "1938"]
[PlyCount "45"]
[EventDate "2021.10.17"]
[EventType "team-tourn"]
[EventRounds "11"]
[EventCountry "CZE"]
[SourceTitle "EXT 2024"]
[Source "ChessBase"]
[SourceDate "2023.10.10"]
[SourceVersion "1"]
[SourceVersionDate "2023.10.10"]
[SourceQuality "1"]
[WhiteTeam "Karvina"]
[BlackTeam "Prostejov"]
[WhiteTeamCountry "CZE"]
[BlackTeamCountry "CZE"]

1. e4 d6 2. Nf3 Nf6 3. Nc3 e5 4. d4 Nbd7 5. Bc4 Be7 6. 0-0 0-0 7. a4 a5 8. h3 c6 9. Qe2 Qc7 10. Bg5 Re8 11. Rfe1 exd4 12. Nxd4 Nc5 13. e5 dxe5 14. Qxe5 Bd6 15. Qxe8+ Nxe8 16. Rxe8+ Bf8 17. Rae1 h6 18. R1e7 Qd6 19. Rxf7 Kh7 20. Rfxf8 hxg5 21. Bf7 g6 22. Bg8+ Kh6 23. Rf7 1-0

[Event "CZE-chT2F 2122"]
[Site "Czech Republic"]
[Date "2021.10.17"]
[Round "1.3"]
[White "Jaworski, Miroslaw"]
[Black "Kana, Pavel"]
[Result "1-0"]
[WhiteElo "2165"]
[BlackElo "2019"]
[PlyCount "91"]
[EventDate "2021.10.17"]
[EventType "team-tourn"]
[EventRounds "11"]
[EventCountry "CZE"]
[SourceTitle "EXT 2024"]
[Source "ChessBase"]
[SourceDate "2023.10.10"]
[SourceVersion "1"]
[SourceVersionDate "2023.10.10"]
[SourceQuality "1"]
[WhiteTeam "Havirov Slovan"]
[BlackTeam "Karvina"]
[WhiteTeamCountry "CZE"]
[BlackTeamCountry "CZE"]

1. d4 d5 2. Nf3 Nf6 3. c4 c6 4. e3 a6 5. Nbd2 b5 6. b3 Bg4 7. h3 Bh5 8. g4 Bg6 9. Ne5 Nfd7 10. Nxg6 hxg6 11. Bg2 e6 12. 0-0 f5 13. f4 Nf6 14. g5 Ne4 15. Nf3 Nd7 16. Qc2 Rc8 17. c5 Ra8 18. a4 Be7 19. Bd2 0-0 20. Ra2 Qc7 21. b4 Rfb8 22. Rfa1 Nxd2 23. Qxd2 Qb7 24. Bf1 Bd8 25. Ra3 Rc8 26. Qa2 Nb8 27. Ne5 Kh7 28. Qf2 bxa4 29. Rxa4 a5 30. Qh4+ Kg8 31. Nxg6 Nd7 32. bxa5 Qb3 33. R4a3 Qb4 34. a6 Rcb8 35. Qh8+ Kf7 36. Qh5 Kg8 37. Ne5 Nxe5 38. fxe5 Qd2 39. g6 Ba5 40. Qh7+ Kf8 41. Qh8+ Ke7 42. Qxg7+ Kd8 43. Qf8+ Kd7 44. Qf7+ Kc8 45. Qxe6+ Kc7 46. Qd6+ 1-0

[Event "CZE-ch Betsys Online Blitz"]
[Site "Chess.com INT"]
[Date "2021.04.17"]
[Round "1"]
[White "Kana, Pavel"]
[Black "Cerveny, Martin"]
[Result "0-1"]
[WhiteElo "2019"]
[BlackElo "2411"]
[PlyCount "90"]
[EventDate "2021.04.17"]
[EventType "swiss (blitz)"]
[EventRounds "13"]
[EventCountry "CZE"]
[SourceTitle "CBM 201 Extra"]
[Source "ChessBase"]
[SourceDate "2021.05.31"]
[SourceVersion "1"]
[SourceVersionDate "2021.05.31"]
[SourceQuality "1"]

1. e4 c5 2. Nf3 d6 3. d4 cxd4 4. Qxd4 Nc6 5. Bb5 Qb6 6. Nc3 Qxd4 7. Nxd4 Bd7 8. Be3 Nf6 9. 0-0-0 a6 10. Be2 Nxd4 11. Bxd4 e5 12. Bb6 Rc8 13. f3 Be7 14. Kb1 0-0 15. Nd5 Nxd5 16. Rxd5 f5 17. Rdd1 fxe4 18. fxe4 Be6 19. Rhf1 g6 20. Rxf8+ Rxf8 21. Rf1 Rf4 22. Bf3 h5 23. h3 g5 24. Be3 Rf8 25. Be2 Rxf1+ 26. Bxf1 g4 27. hxg4 Bxg4 28. Kc1 Kf7 29. Kd2 Kg6 30. Be2 Be6 31. c4 Bg5 32. b3 h4 33. Bf3 Bf4 34. Ke2 Kg5 35. Kf2 h3 36. gxh3 Bxh3 37. Bb6 Kg6 38. Bc7 Bd7 39. Bxd6 Kf6 40. Ke2 Ke6 41. Bf8 Bc6 42. Kd3 Kd7 43. b4 b5 44. cxb5 Bxb5+ 45. Kc3 Kc6 0-1

[Event "CZE-ch Betsys Online Blitz"]
[Site "Chess.com INT"]
[Date "2021.04.17"]
[Round "4"]
[White "Kana, Pavel"]
[Black "Klimes, Jan1111"]
[Result "0-1"]
[WhiteElo "2019"]
[BlackElo "1525"]
[PlyCount "72"]
[EventDate "2021.04.17"]
[EventType "swiss (blitz)"]
[EventRounds "13"]
[EventCountry "CZE"]
[SourceTitle "CBM 201 Extra"]
[Source "ChessBase"]
[SourceDate "2021.05.31"]
[SourceVersion "1"]
[SourceVersionDate "2021.05.31"]
[SourceQuality "1"]

1. e4 a6 2. d4 b5 3. c4 b4 4. b3 e6 5. Bb2 Bb7 6. Nf3 d6 7. Bd3 Nf6 8. Qe2 Be7 9. 0-0 0-0 10. Nbd2 Nbd7 11. Rad1 c5 12. d5 e5 13. Nh4 Nxd5 14. exd5 Bxh4 15. f4 Re8 16. Qh5 g6 17. Qh6 Bf6 18. fxe5 Nxe5 19. Ne4 Bg7 20. Qc1 Nxd3 21. Rxd3 Rxe4 22. Bxg7 Kxg7 23. Rdf3 Re7 24. Qg5 Qd7 25. Rh3 Rh8 26. Qf6+ Kg8 27. Rhf3 Bc8 28. h4 Qe8 29. h5 h6 30. Qxd6 Bf5 31. Rxf5 gxf5 32. Rf3 Re1+ 33. Kf2 Qe2+ 34. Kg3 Qe5+ 35. Qxe5 Rxe5 36. Kf4 f6 0-1

[Event "CZE-ch Betsys Online Blitz"]
[Site "Chess.com INT"]
[Date "2021.04.17"]
[Round "12"]
[White "Kratochvil, Marek1111"]
[Black "Kana, Pavel"]
[Result "1-0"]
[WhiteElo "1292"]
[BlackElo "2019"]
[PlyCount "91"]
[EventDate "2021.04.17"]
[EventType "swiss (blitz)"]
[EventRounds "13"]
[EventCountry "CZE"]
[SourceTitle "CBM 201 Extra"]
[Source "ChessBase"]
[SourceDate "2021.05.31"]
[SourceVersion "1"]
[SourceVersionDate "2021.05.31"]
[SourceQuality "1"]

1. b3 b6 2. Bb2 Bb7 3. Nf3 e6 4. g3 Nf6 5. Bg2 Be7 6. 0-0 0-0 7. c4 c5 8. e3 d6 9. d4 cxd4 10. exd4 d5 11. Nbd2 Nc6 12. a3 Rc8 13. Re1 Qd7 14. Ne5 Qc7 15. Ndf3 dxc4 16. bxc4 Rfd8 17. Nxc6 Qxc6 18. Nh4 Qc7 19. Rc1 Bxg2 20. Nxg2 Qc6 21. Ne3 Rd7 22. Qb3 Qf3 23. Qd1 Qxd1 24. Rexd1 Ne4 25. d5 exd5 26. cxd5 Rxc1 27. Rxc1 Bc5 28. Rd1 g6 29. Kf1 f5 30. Ke2 Kf8 31. f3 Nd6 32. f4 Bxe3 33. Kxe3 Nc4+ 34. Kd4 Nxb2 35. Rd2 Na4 36. Ke5 Ke7 37. d6+ Kf7 38. Rc2 Nc5 39. Kd5 Ne4 40. Kc6 Ke6 41. a4 Nxd6 42. Rd2 Rd8 43. Re2+ Ne4 44. Kb7 Rd7+ 45. Ka6 Ke7 46. a5 1-0

[Event "CZE-ch Betsys Online Blitz"]
[Site "Chess.com INT"]
[Date "2021.04.17"]
[Round "9"]
[White "Tesar, Patrik"]
[Black "Kana, Pavel"]
[Result "1-0"]
[WhiteElo "2139"]
[BlackElo "2019"]
[PlyCount "83"]
[EventDate "2021.04.17"]
[EventType "swiss (blitz)"]
[EventRounds "13"]
[EventCountry "CZE"]
[SourceTitle "CBM 201 Extra"]
[Source "ChessBase"]
[SourceDate "2021.05.31"]
[SourceVersion "1"]
[SourceVersionDate "2021.05.31"]
[SourceQuality "1"]

1. d4 Nf6 2. Nf3 d5 3. Bg5 Ne4 4. Bh4 c5 5. c3 Qb6 6. Qc2 Bf5 7. Qc1 e6 8. e3 Nc6 9. Nbd2 cxd4 10. exd4 Rc8 11. Nxe4 Bxe4 12. Qd2 Bxf3 13. gxf3 Be7 14. Bg3 Na5 15. Bd3 Nc4 16. Bxc4 Rxc4 17. 0-0 0-0 18. Rae1 Bf6 19. a3 Qd8 20. Kg2 Qd7 21. Be5 Bxe5 22. Rxe5 Qe7 23. Rg1 Qf6 24. Qe3 b5 25. Kh1 a5 26. Rg4 b4 27. axb4 axb4 28. Rf4 Qg6 29. Rg4 Qb1+ 30. Kg2 bxc3 31. bxc3 g6 32. h4 Rc6 33. h5 Rfc8 34. h6 Rxc3 35. Qf4 Rc1 36. Rg3 Rg1+ 37. Kh3 Rxg3+ 38. Qxg3 Qb4 39. Qf4 Qe7 40. Kg3 Rd8 41. Kg2 Qf8 42. Qf6 1-0

[Event "CZE-chT2F 1920"]
[Site "Czech Republic"]
[Date "2020.01.26"]
[Round "7.7"]
[White "Kana, Pavel"]
[Black "Lepik, Jaroslav"]
[Result "1-0"]
[WhiteElo "2015"]
[BlackElo "1801"]
[PlyCount "67"]
[EventDate "2019.10.13"]
[EventType "team-tourn"]
[EventRounds "11"]
[EventCountry "CZE"]
[SourceTitle "EXT 2024"]
[Source "ChessBase"]
[SourceDate "2023.10.10"]
[SourceVersion "1"]
[SourceVersionDate "2023.10.10"]
[SourceQuality "1"]
[WhiteTeam "Karvina"]
[BlackTeam "Frydek Mistek  III"]
[WhiteTeamCountry "CZE"]
[BlackTeamCountry "CZE"]

1. e4 g6 2. Nf3 Bg7 3. d4 d6 4. h3 Nf6 5. Nc3 c6 6. Bg5 b5 7. a3 Bb7 8. Be2 a5 9. e5 dxe5 10. Nxe5 Nbd7 11. Nf3 b4 12. Nb1 Ne4 13. Bf4 0-0 14. 0-0 c5 15. c3 cxd4 16. cxd4 Ndf6 17. Nbd2 Rc8 18. axb4 axb4 19. Qb3 Nd5 20. Be3 Nxe3 21. fxe3 Nxd2 22. Nxd2 Qd5 23. Bf3 Qxb3 24. Nxb3 Bxf3 25. Rxf3 Rc2 26. Rf2 Rfc8 27. Rxc2 Rxc2 28. Ra8+ Bf8 29. Nc5 e5 30. Nd7 exd4 31. exd4 Rd2 32. Nxf8 Kg7 33. Nd7 Rxd4 34. Nc5 1-0

[Event "CZE-chT2F 1920"]
[Site "Czech Republic"]
[Date "2020.01.12"]
[Round "6.5"]
[White "Pilch, Roman"]
[Black "Kana, Pavel"]
[Result "1/2-1/2"]
[WhiteElo "2121"]
[BlackElo "2015"]
[PlyCount "44"]
[EventDate "2019.10.13"]
[EventType "team-tourn"]
[EventRounds "11"]
[EventCountry "CZE"]
[SourceTitle "EXT 2024"]
[Source "ChessBase"]
[SourceDate "2023.10.10"]
[SourceVersion "1"]
[SourceVersionDate "2023.10.10"]
[SourceQuality "1"]
[WhiteTeam "Trinec II"]
[BlackTeam "Karvina"]
[WhiteTeamCountry "CZE"]
[BlackTeamCountry "CZE"]

1. d4 Nf6 2. Nf3 e6 3. c4 Bb4+ 4. Nc3 0-0 5. e3 b6 6. Bd3 Bb7 7. Qc2 d5 8. a3 Bxc3+ 9. bxc3 dxc4 10. Bxc4 Be4 11. Qa2 Nc6 12. a4 Na5 13. Ba3 Re8 14. Bb5 c6 15. Be2 Qc7 16. 0-0 c5 17. Ne5 Rab8 18. Rac1 Rec8 19. Rfd1 c4 20. f3 Bb7 21. Rb1 Nd5 22. Qd2 Nb3 1/2-1/2

[Event "CZE-ch"]
[Site "Ostrava"]
[Date "2019.05.05"]
[Round "9"]
[White "Vanek, Tomas"]
[Black "Kana, Pavel"]
[Result "1/2-1/2"]
[WhiteElo "2095"]
[BlackElo "2013"]
[PlyCount "60"]
[EventDate "2019.04.27"]
[EventType "swiss"]
[EventRounds "9"]
[EventCountry "CZE"]
[SourceTitle "CBM 190 Extra"]
[Source "ChessBase"]
[SourceDate "2019.07.15"]
[SourceVersion "1"]
[SourceVersionDate "2019.07.15"]
[SourceQuality "1"]

1. e4 c6 2. d4 d5 3. e5 Bf5 4. h4 h5 5. c4 Bxb1 6. Rxb1 e6 7. Qb3 Qb6 8. Qxb6 axb6 9. a3 dxc4 10. Bxc4 b5 11. Bb3 Ne7 12. Nf3 Nd7 13. 0-0 Nb6 14. Bd2 Ned5 15. Ng5 Be7 16. Ne4 0-0 17. Ng3 Bxh4 18. Nxh5 Nc4 19. Bxc4 bxc4 20. Rbc1 b5 21. g3 Be7 22. Kg2 g6 23. Nf4 Nxf4+ 24. Bxf4 Kg7 25. Bd2 Rfd8 26. Bc3 Rh8 27. Rh1 Rxh1 28. Rxh1 Rh8 29. Rxh8 Kxh8 30. Kf3 Kg8 1/2-1/2

[Event "CZE-ch"]
[Site "Ostrava"]
[Date "2019.04.29"]
[Round "3"]
[White "Kana, Pavel"]
[Black "Sramek, Vojtech"]
[Result "0-1"]
[WhiteElo "2013"]
[BlackElo "2304"]
[PlyCount "86"]
[EventDate "2019.04.27"]
[EventType "swiss"]
[EventRounds "9"]
[EventCountry "CZE"]
[SourceTitle "CBM 190 Extra"]
[Source "ChessBase"]
[SourceDate "2019.07.15"]
[SourceVersion "1"]
[SourceVersionDate "2019.07.15"]
[SourceQuality "1"]

1. e4 c5 2. Nf3 d6 3. d4 cxd4 4. Nxd4 Nf6 5. Nc3 g6 6. Be3 Bg7 7. Be2 0-0 8. 0-0 Nc6 9. Kh1 d5 10. exd5 Nxd5 11. Nxd5 Qxd5 12. Bf3 Qa5 13. Nxc6 bxc6 14. c3 Rb8 15. Qc1 Qc7 16. Bc5 Rd8 17. Re1 e5 18. b4 Be6 19. Qe3 a5 20. Rad1 Bd5 21. a3 f5 22. c4 Bxf3 23. Qxf3 e4 24. Qb3 Qe5 25. Bb6 Rxd1 26. Rxd1 a4 27. Qe3 f4 28. Qd4 Qxd4 29. Bxd4 Rd8 30. b5 cxb5 31. cxb5 Rxd4 32. Rc1 e3 33. fxe3 fxe3 34. Kg1 Rd8 35. Kf1 Bb2 36. Rc4 Bxa3 37. Ke2 Bf8 38. Rxa4 Bc5 39. Rc4 Rd2+ 40. Ke1 Bb6 41. Rc6 Ba5 42. Ra6 Ra2+ 43. Kf1 e2+ 0-1

[Event "CZE-ch"]
[Site "Ostrava"]
[Date "2018.05.05"]
[Round "8"]
[White "Kopriva, Martin"]
[Black "Kana, Pavel"]
[Result "1/2-1/2"]
[WhiteElo "2071"]
[BlackElo "2024"]
[PlyCount "42"]
[EventDate "2018.04.28"]
[EventType "swiss"]
[EventRounds "9"]
[EventCountry "CZE"]
[SourceTitle "CBM 184 Extra"]
[Source "ChessBase"]
[SourceDate "2018.06.28"]
[SourceVersion "1"]
[SourceVersionDate "2018.06.28"]
[SourceQuality "1"]

1. d4 d5 2. Bf4 Nf6 3. Nf3 c5 4. e3 Nc6 5. Be2 Qb6 6. Nc3 a6 7. dxc5 Qxc5 8. 0-0 e6 9. Nd4 Be7 10. Nb3 Qb6 11. a4 Na5 12. Nxa5 Qxa5 13. Bd3 Bd7 14. h3 Bc6 15. Ne2 Rc8 16. c3 0-0 17. Nd4 Qd8 18. b4 Be8 19. Qb3 Bd6 20. Bxd6 Qxd6 21. Rfc1 Bd7 1/2-1/2

[Event "CZE-ch"]
[Site "Ostrava"]
[Date "2018.05.03"]
[Round "6"]
[White "Kana, Pavel"]
[Black "Toman, Jaroslav"]
[Result "0-1"]
[WhiteElo "2024"]
[BlackElo "2233"]
[PlyCount "142"]
[EventDate "2018.04.28"]
[EventType "swiss"]
[EventRounds "9"]
[EventCountry "CZE"]
[SourceTitle "CBM 184 Extra"]
[Source "ChessBase"]
[SourceDate "2018.06.28"]
[SourceVersion "1"]
[SourceVersionDate "2018.06.28"]
[SourceQuality "1"]

1. e4 c5 2. c3 Nf6 3. e5 Nd5 4. d4 e6 5. Nf3 cxd4 6. cxd4 Nc6 7. Nc3 Nxc3 8. bxc3 d5 9. exd6 Bxd6 10. Bd3 h6 11. 0-0 0-0 12. Qe2 Bd7 13. Qe4 f5 14. Qe2 Qf6 15. Re1 Bc7 16. Rb1 Rab8 17. Ba3 Rfe8 18. Ne5 Nxe5 19. dxe5 Qh4 20. Rb4 Qg5 21. Bc1 Qe7 22. Ba3 Qg5 23. Bc1 Qg6 24. h3 Bc6 25. Rg4 Qf7 26. Rg3 Kh8 27. Bc2 Rbd8 28. f4 Ba5 29. Ba3 Bd5 30. Ba4 Rg8 31. Bd6 Rc8 32. Rc1 Bc4 33. Qd2 b5 34. Bb3 Qb7 35. Kh2 Bb6 36. Bd1 a6 37. Bf3 Qa7 38. Rc2 Be3 39. Qe1 Bxf4 40. Kh1 Bxg3 41. Qxg3 Qe3 42. Qf2 Qxf2 43. Rxf2 Bd3 44. Bb4 Be4 45. Bh5 g6 46. Bd1 Rgd8 47. Bb3 Bd5 48. Ba5 Rd7 49. Rd2 Kg7 50. Kg1 Kf7 51. Bd1 Ke8 52. a3 Be4 53. Rd6 Rxd6 54. exd6 Kd7 55. Bc7 Rxc7 56. dxc7 Kxc7 57. g3 e5 58. Bb3 Kd6 59. Kf2 f4 60. a4 bxa4 61. Bxa4 Kc5 62. Bb3 g5 63. Ba2 a5 64. h4 a4 65. hxg5 hxg5 66. gxf4 exf4 67. Ke2 g4 68. Be6 g3 69. Kf1 f3 70. Bf7 Bd3+ 71. Kg1 f2+ 0-1

[Event "CZE-ch"]
[Site "Ostrava"]
[Date "2018.04.28"]
[Round "1"]
[White "Hausner, Ivan"]
[Black "Kana, Pavel"]
[Result "1-0"]
[WhiteElo "2334"]
[BlackElo "2024"]
[PlyCount "93"]
[EventDate "2018.04.28"]
[EventType "swiss"]
[EventRounds "9"]
[EventCountry "CZE"]
[SourceTitle "CBM 184 Extra"]
[Source "ChessBase"]
[SourceDate "2018.06.28"]
[SourceVersion "1"]
[SourceVersionDate "2018.06.28"]
[SourceQuality "1"]

1. c4 Nf6 2. Nc3 e6 3. e4 d5 4. cxd5 exd5 5. e5 d4 6. exf6 dxc3 7. Bb5+ c6 8. Qe2+ Be6 9. Bc4 Qxf6 10. dxc3 Bc5 11. Bxe6 Qxe6 12. Qxe6+ fxe6 13. Nf3 0-0 14. 0-0 Nd7 15. Re1 Rae8 16. Be3 Rf5 17. Rad1 Bxe3 18. Rxd7 Bb6 19. a4 Rf7 20. Rxf7 Kxf7 21. Ng5+ Kf6 22. Ne4+ Ke7 23. Rd1 Rf8 24. Kf1 h6 25. Ke2 Rd8 26. Rxd8 Kxd8 27. g4 Ke7 28. f3 Bg1 29. h3 Bb6 30. Kd3 Bg1 31. Kc4 b6 32. Kd3 Bh2 33. b4 b5 34. axb5 cxb5 35. h4 g6 36. h5 gxh5 37. gxh5 Bg1 38. c4 bxc4+ 39. Kxc4 Kd7 40. Nf6+ Kc6 41. Ng4 Kb6 42. Nxh6 Be3 43. Nf7 a5 44. bxa5+ Kxa5 45. Kd3 Bc1 46. Ke4 Bb2 47. Ne5 1-0

[Event "CZE-chT2F 1718"]
[Site "Czech Republic"]
[Date "2018.01.28"]
[Round "7.7"]
[White "Kana, Pavel"]
[Black "Frank, Adam"]
[Result "1-0"]
[WhiteElo "2038"]
[BlackElo "1869"]
[PlyCount "53"]
[EventDate "2017.10.15"]
[EventType "team-tourn"]
[EventRounds "11"]
[EventCountry "CZE"]
[SourceTitle "EXT 2022"]
[Source "ChessBase"]
[SourceDate "2021.10.06"]
[SourceVersion "1"]
[SourceVersionDate "2021.10.06"]
[SourceQuality "1"]
[WhiteTeam "Karvina"]
[BlackTeam "Frydek Mistek III"]
[WhiteTeamCountry "CZE"]
[BlackTeamCountry "CZE"]

1. e4 e5 2. Nf3 Nc6 3. d4 exd4 4. c3 dxc3 5. Nxc3 Bb4 6. Bc4 Nf6 7. 0-0 d6 8. Nd5 Bg4 9. Nxb4 Nxb4 10. Qb3 Bxf3 11. Bxf7+ Kf8 12. gxf3 Qe7 13. Bc4 c5 14. Bg5 Nc6 15. Bd5 Nd4 16. Qd3 h6 17. Bh4 g5 18. Bg3 h5 19. h3 Rd8 20. Bc4 g4 21. fxg4 hxg4 22. e5 Nf3+ 23. Kg2 dxe5 24. Qg6 Nd2 25. Bxe5 gxh3+ 26. Kh1 Qxe5 27. Qf7# 1-0

[Event "CZE-chT2F 1617"]
[Site "Czech Republic"]
[Date "2016.12.11"]
[Round "5.6"]
[White "Kuchar, Matej"]
[Black "Kana, Pavel"]
[Result "1/2-1/2"]
[WhiteElo "1913"]
[BlackElo "2049"]
[PlyCount "90"]
[EventDate "2016.10.09"]
[EventType "team-tourn"]
[EventRounds "11"]
[EventCountry "CZE"]
[SourceTitle "EXT 2022"]
[Source "ChessBase"]
[SourceDate "2021.10.06"]
[SourceVersion "1"]
[SourceVersionDate "2021.10.06"]
[SourceQuality "1"]
[WhiteTeam "Poruba Slavoj II"]
[BlackTeam "Karvina"]
[WhiteTeamCountry "CZE"]
[BlackTeamCountry "CZE"]

1. e4 c5 2. Nf3 e6 3. d4 cxd4 4. Nxd4 a6 5. Bd3 Qc7 6. 0-0 Bc5 7. Nb3 Be7 8. Kh1 Nf6 9. Qe2 d6 10. f4 Nbd7 11. N1d2 0-0 12. Nf3 e5 13. Bd2 b6 14. a4 Bb7 15. Bb4 Rfe8 16. fxe5 dxe5 17. Bc3 Bf8 18. Nbd2 Nc5 19. Nc4 Nxd3 20. cxd3 Bd6 21. Rac1 Rac8 22. h3 Nxe4 23. dxe4 Qxc4 24. Qd2 Bb8 25. Bxe5 Qxe4 26. Rxc8 Rxc8 27. Bxb8 Rxb8 28. Ng5 Qd5 29. Qf2 f6 30. Nf3 b5 31. axb5 axb5 32. Qe2 Rd8 33. Rc1 b4 34. Qe7 Qd7 35. Qe3 Re8 36. Qb3+ Bd5 37. Qd3 Rd8 38. Qe3 Qe6 39. Qf4 Qd6 40. Qe3 Bc6 41. Qb3+ Bd5 42. Qe3 Bc6 43. Qb3+ Kf8 44. Re1 Bd5 45. Qd3 Bxf3 1/2-1/2

[Event "CZE-chT1E 1516"]
[Site "Czech Republic"]
[Date "2015.12.13"]
[Round "5.8"]
[White "Kana, Pavel"]
[Black "Benes, Miroslav"]
[Result "0-1"]
[WhiteElo "2037"]
[BlackElo "2025"]
[PlyCount "60"]
[EventDate "2015.10.11"]
[EventType "team-tourn"]
[EventRounds "11"]
[EventCountry "CZE"]
[SourceTitle "EXT 2017"]
[Source "ChessBase"]
[SourceDate "2016.10.25"]
[SourceVersion "1"]
[SourceVersionDate "2016.10.25"]
[SourceQuality "1"]
[WhiteTeam "Karvina"]
[BlackTeam "Zlin"]
[WhiteTeamCountry "CZE"]
[BlackTeamCountry "CZE"]

1. e4 c5 2. Nf3 d6 3. g3 Nf6 4. d3 Nc6 5. Bg2 g6 6. 0-0 Bg7 7. Re1 Bg4 8. h3 Bxf3 9. Bxf3 0-0 10. Bg2 Nd7 11. c3 Rb8 12. Be3 b5 13. Nd2 b4 14. Qc2 bxc3 15. bxc3 Qa5 16. Rec1 Nb6 17. a4 Qa6 18. a5 Nd7 19. Bf1 Qc8 20. Qa4 Nd8 21. d4 Ne6 22. f4 Qd8 23. Rab1 Rxb1 24. Rxb1 cxd4 25. cxd4 Qc7 26. Nf3 Qc3 27. Rb3 Qc2 28. Ne1 Qd1 29. Kf2 Bxd4 30. Qc4 Ndc5 0-1

[Event "CZE-chT1W 1415"]
[Site "Czech Republic"]
[Date "2015.01.18"]
[Round "6.5"]
[White "Plesek, Jiri"]
[Black "Kana, Pavel"]
[Result "1-0"]
[WhiteElo "2176"]
[BlackElo "2043"]
[PlyCount "107"]
[EventDate "2014.10.19"]
[EventType "team-tourn"]
[EventRounds "11"]
[EventCountry "CZE"]
[SourceTitle "EXT 2016"]
[Source "ChessBase"]
[SourceDate "2015.10.08"]
[SourceVersion "1"]
[SourceVersionDate "2015.10.08"]
[SourceQuality "1"]
[WhiteTeam "Praha Pankrac"]
[BlackTeam "Unichess II"]
[WhiteTeamCountry "CZE"]
[BlackTeamCountry "CZE"]

1. Nf3 Nf6 2. c4 c5 3. g3 b6 4. Bg2 Bb7 5. 0-0 e6 6. b3 Be7 7. Bb2 0-0 8. Nc3 d6 9. e3 Nbd7 10. Qe2 Ne4 11. Rad1 Bf6 12. Nxe4 Bxe4 13. d3 Bb7 14. Bxf6 Nxf6 15. d4 Qc7 16. Nh4 Bxg2 17. Nxg2 Rfd8 18. Nf4 Qb7 19. dxc5 dxc5 20. f3 Qc7 21. Kf2 Rxd1 22. Rxd1 Rd8 23. h4 Rxd1 24. Qxd1 Qd7 25. Qd3 Qxd3 26. Nxd3 Nd7 27. g4 f6 28. f4 g6 29. Kf3 Kf7 30. Nf2 Ke7 31. Nd1 h6 32. Nc3 a6 33. Ke4 f5+ 34. Kf3 h5 35. gxh5 gxh5 36. Ne2 Kf6 37. e4 Nf8 38. exf5 exf5 39. Nc3 Nd7 40. Nd5+ Ke6 41. Nc7+ Kd6 42. Ne8+ Ke7 43. Ng7 Kf6 44. Nxh5+ Kg6 45. Ng3 b5 46. h5+ Kh6 47. cxb5 axb5 48. Nxf5+ Kxh5 49. Nd6 b4 50. Ke4 Nb6 51. Ke5 Kg6 52. Nc4 Nd7+ 53. Kd6 Nb8 54. Kc7 1-0

[Event "CZE-chT1W 1415"]
[Site "Czech Republic"]
[Date "2014.11.23"]
[Round "3.5"]
[White "Kana, Pavel"]
[Black "Bednar, Marcel"]
[Result "0-1"]
[WhiteElo "2043"]
[BlackElo "2294"]
[PlyCount "80"]
[EventDate "2014.10.19"]
[EventType "team-tourn"]
[EventRounds "11"]
[EventCountry "CZE"]
[SourceTitle "CBM 163 Extra"]
[Source "ChessBase"]
[SourceDate "2014.12.23"]
[SourceVersion "1"]
[SourceVersionDate "2014.12.23"]
[SourceQuality "1"]
[WhiteTeam "Unichess II"]
[BlackTeam "Lysa nad Labem II"]
[WhiteTeamCountry "CZE"]
[BlackTeamCountry "CZE"]

1. e4 c5 2. Nf3 d6 3. d4 cxd4 4. Nxd4 Nf6 5. Nc3 a6 6. Bg5 e6 7. f4 b5 8. e5 dxe5 9. fxe5 Qc7 10. Qe2 Nfd7 11. 0-0-0 Bb7 12. Nxe6 fxe6 13. Qh5+ g6 14. Qg4 Qxe5 15. Bd3 Nc5 16. Bxg6+ hxg6 17. Rd8+ Kf7 18. Rf1+ Kg7 19. Bf6+ Qxf6 20. Rxf6 Kxf6 21. Qf4+ Ke7 22. Qg5+ Kf7 23. Qf4+ Ke7 24. Qg5+ Kf7 25. Qf4+ Kg7 26. b4 Ncd7 27. Qc7 Bxg2 28. Ne2 e5 29. a3 a5 30. Rxd7+ Nxd7 31. Qxd7+ Kf6 32. Qxb5 Bh6+ 33. Kb2 Rhb8 34. Qc5 axb4 35. axb4 Bf3 36. Qd6+ Kf7 37. Qd7+ Kg8 38. Qe6+ Kh7 39. Qf7+ Bg7 40. Qxf3 e4+ 0-1

[Event "CZE-chT2A 1314"]
[Site "Czech Republic"]
[Date "2014.01.19"]
[Round "6.4"]
[White "Kana, Pavel"]
[Black "Eret, Jonas"]
[Result "1/2-1/2"]
[WhiteElo "2030"]
[BlackElo "1898"]
[PlyCount "94"]
[EventDate "2013.11.03"]
[EventType "team-tourn"]
[EventRounds "11"]
[EventCountry "CZE"]
[SourceTitle "EXT 2015"]
[Source "ChessBase"]
[SourceDate "2014.11.20"]
[SourceVersion "1"]
[SourceVersionDate "2014.11.20"]
[SourceQuality "1"]
[WhiteTeam "Postovni sporitelna II"]
[BlackTeam "Klatovy"]
[WhiteTeamCountry "CZE"]
[BlackTeamCountry "CZE"]

1. e4 e6 2. d4 d5 3. Nd2 Nf6 4. e5 Nfd7 5. Bd3 c5 6. c3 b6 7. Ne2 Ba6 8. Bxa6 Nxa6 9. 0-0 Be7 10. Nf3 0-0 11. Bf4 Nc7 12. Qd2 a5 13. Bg5 b5 14. a3 c4 15. Rfe1 Ra7 16. Ng3 Bxg5 17. Nxg5 Qe7 18. f4 g6 19. Qe3 Rb8 20. Nf1 Nf8 21. Qh3 Rab7 22. Ne3 Kg7 23. Ng4 h5 24. Nf6 Nd7 25. Ngh7 Rh8 26. Nxd7 Rxh7 27. Nf6 Rh8 28. Qh4 Ne8 29. Nxe8+ Rxe8 30. Qf2 Reb8 31. Qc2 b4 32. axb4 axb4 33. Reb1 Rb6 34. Rc1 Qb7 35. Qd2 Qd7 36. h3 Qe7 37. Kh2 R6b7 38. Kg1 Rb6 39. Kh2 Qh4 40. g3 Qe7 41. h4 Qb7 42. Ra2 Ra6 43. Rca1 Rxa2 44. Rxa2 bxc3 45. bxc3 Qb1 46. Qc2 Qe1 47. Rb2 Rxb2 1/2-1/2

[Event "CZE-chT2F 1112"]
[Site "Czech Republic"]
[Date "2012.02.19"]
[Round "8.12"]
[White "Kana, Pavel"]
[Black "Sieber, Martin"]
[Result "0-1"]
[WhiteElo "2052"]
[BlackElo "2022"]
[PlyCount "100"]
[EventDate "2011.10.09"]
[EventType "team-tourn"]
[EventRounds "11"]
[EventCountry "CZE"]
[SourceTitle "EXT 2013"]
[Source "ChessBase"]
[SourceDate "2012.11.22"]
[SourceVersion "1"]
[SourceVersionDate "2012.11.22"]
[SourceQuality "1"]
[WhiteTeam "Koprivnice Tatra"]
[BlackTeam "Havirov II"]
[WhiteTeamCountry "CZE"]
[BlackTeamCountry "CZE"]

1. e4 c5 2. Nf3 Nc6 3. g3 g6 4. Bg2 Bg7 5. 0-0 Nf6 6. Re1 0-0 7. c3 d5 8. e5 Ng4 9. d4 cxd4 10. cxd4 Nh6 11. Nc3 Bg4 12. h3 Bxf3 13. Bxf3 Nf5 14. Be3 e6 15. Bg4 Nxe3 16. Rxe3 Qb6 17. Ne2 h5 18. Bf3 Na5 19. Bg2 Rac8 20. b3 Rc7 21. Rc1 Nc6 22. Kh2 Rfc8 23. Rec3 Bf8 24. f4 Bb4 25. Rd3 Ba3 26. Rc2 Nb4 27. Rxc7 Rxc7 28. Rd2 Rc6 29. f5 exf5 30. Nf4 Bc1 31. Nxd5 Nxd5 32. Bxd5 Bxd2 33. Bxc6 Qxd4 34. Bxb7 h4 35. Qe2 hxg3+ 36. Kg2 f4 37. e6 Be3 38. exf7+ Kf8 39. Kf3 Qd7 40. Be4 Qxh3 41. Qb5 g2+ 42. Ke2 Qh5+ 43. Qxh5 g1N+ 44. Kf1 gxh5 45. Bg6 h4 46. Kg2 f3+ 47. Kh2 Ne2 48. Be4 Bg1+ 49. Kh1 f2 50. Kg2 h3+ 0-1